Folk Metal Bands - Statistics

General Stats
  • This quiz has been taken 129 times
  • The average score is 14 of 40
Answer Stats
Region Unique Instrument Album Band % Correct
Finland joik-singing Nattfodd Finntroll
79%
Finland jouhikko Tales Along This Road Korpiklaani
77%
Switzerland hurdy-gurdy Slania Eluveitie
75%
Finland dulcimer Iron Ensiferum
68%
Finland violin The Varangian Way Turisas
65%
Scotland, UK keytar Sunset on the Golden Age Alestorm
63%
Faroe Islands, Denmark 7-string guitar Ragnarok Tyr
63%
Russia balalaika Goi, Rode, Goi! Arkona
62%
Norway saxophone Brakebein Trollfest
51%
Netherlands bull horn De strijdlust is geboren Heidevolk
46%
Ireland bouzouki Tuatha na Gael Cruachan
44%
Germany pan flute Sagas Equilibrium
44%
Finland jaw harp Kivenkantaja Moonsorrow
44%
Oregon, USA deer skull The Mantle Agalloch
42%
Sweden drum machine Hammerheart Bathory
42%
Israel oud Mabool Orphaned Land
39%
Iceland oboe Baldur Skalmold
37%
Spain transverse flute Finisterra Mago de Oz
34%
Germany shawm Verehrt und Angespien In Extremo
32%
Ireland mandolin To the Nameless Dead Primordial
32%
Latvia bagpipes Perkonkalve Skyforger
31%
Northern Ireland, UK bodhran Honour Amongst Chaos Waylander
31%
Norway accordion 1184 Windir
27%
Finland church organ Elegy Amorphis
25%
Germany choirs Ok nefna tysvar Ty Falkenbach
25%
Estonia contrabass Ulg Metsatoll
25%
England, UK piccolo The Wayward Sons of Mother Earth Skyclad
25%
Sweden Hammond organ Till fjalls Vintersorg
24%
Germany 12-string guitar Weltenkraft Finsterforst
23%
Romania nai OM Negura Bunget
21%
Scotland, UK tin whistle Aura Saor
21%
Taiwan erhu Takasago Army Chthonic
18%
Israel saz Emissaries Melechesh
18%
Tunisia goblet drum Tales of the Sands Myrath
18%
Kentucky, USA banjo Autumn Eternal Panopticon
17%
Norway hardanger fiddle Trollskau, skromt og kolabrenning Myrkgrav
15%
New York, USA morin khurr Blood Sacrifice Shaman Tengger Cavalry
15%
Sweden harpsichord Armod Falconer
11%
Massachusetts, USA autoharp Olden Tales and Deathly Trails Wilderun
7%
Brazil uilleann pipes Trova di Danu Tuatha de Danaan
6%
No matching quizzes found
Score Distribution
Percent of People with Each Score
Percentile by Number Answered
Your Score History
You have not taken this quiz